| 000 | 01689cam a22004694i 4500 | ||
|---|---|---|---|
| 003 | PE-LiUPU | ||
| 005 | 20250731173340.0 | ||
| 008 | 150706s1997 xxua r 000 0 d | ||
| 020 | _a9781586404086 | ||
| 035 | _a(Sirsi) i9781586404086 | ||
| 040 |
_aPE-LiUPU _bspa _cPE-LiUPU _erda |
||
| 049 | _aPRUA | ||
| 082 | 0 | 4 |
_a220 _bL _221 |
| 110 | 2 | _aHolman Bible Publisher | |
| 130 |
_aBiblia. _lEspañol. _f1997. _sNueva biblia latinoamericana de hoy. |
||
| 245 | 1 | 0 |
_aSanta Biblia : _bnueva Biblia Latinoamericana de hoy, con referencias. |
| 264 | 1 |
_aNashville, Tennessee : _bHolman, _c1997. |
|
| 300 |
_a1376 páginas : _bilustraciones ; _c22 centímetros |
||
| 336 |
_atext _2rdacontent |
||
| 337 |
_aunmediated _2rdamedia |
||
| 338 |
_avolume _2rdacarrier |
||
| 505 | 0 | _aNuevo Testamento -- Antiguo Testamento. | |
| 526 | _aSEG42 | ||
| 526 | _aSEG41 | ||
| 526 | _aSEG40 | ||
| 526 | _aSEG39 | ||
| 526 | _aP94 | ||
| 526 | _aP87 | ||
| 526 | _aP86 | ||
| 526 | _aP85 | ||
| 526 | _aP77 | ||
| 526 | _aP76 | ||
| 526 | _aP35 | ||
| 541 | _g001-0020922; | ||
| 630 |
_aBiblia. _lEspañol. _f1997. _sNueva biblia latinoamericana de hoy. |
||
| 910 |
_agl _bjv _cng _d20090909 |
||
| 942 |
_2ddc _cBOOK |
||
| 949 |
_a220 L _wDEWEY _c1 _i60289 _d2016-9-22 _e2016-9-22 _lCCODEBUL1 _mBUL _n20 _p30.00 _r0 _sY _tBOOK _u2015-7-6 _xTEOLOGIA _zUNKNOWN _0COMPRA _o.STAFF. Colección Teología |
||
| 994 |
_aC0 _bPEPRU |
||
| 596 | _a1 | ||
| 999 |
_a220 L _wDEWEY _c49749 _i60289 _d49749 _e2018-9-27 _f2021-11-9 _g5 _lCCODEBUL1 _mBUL _n34 _p30.00 _q3 _r0 _sY _tBOOK _u2015-7-6 _xTEOLOGIA _zUNKNOWN _0COMPRA _o.STAFF. Colección Teología |
||
| 980 |
_81 _gALBERTO SANCHEZ Responsable de Automatización |
||